Měnová politika a měnový vývoj v ČR v r. 1996

Menová politika ČNB bola zameraná v r. 1996 na upevňovanie pozície českej meny. Vývoj peňažných agregátov (M2). Dominantným faktorom rastu peňažnej zásoby bola domáca úverová emisia. Vývoj na jednotlivých segmentoch finančného trhu. Vývoj na peňažnom trhu. Objemy obchodov s cennými papiermi na verej...

Full description

Saved in:
Bibliographic Details
Format: Book Chapter
Language:Czech
English
Subjects:
Tags: Add Tag
No Tags, Be the first to tag this record!

MARC

LEADER 00000naa a2200000 4500
001 r026386
005 20230922092315.1
041 0 |a cze 
041 0 |a eng 
044 |a CZ 
245 1 0 |a Měnová politika a měnový vývoj v ČR v r. 1996 
520 |a Menová politika ČNB bola zameraná v r. 1996 na upevňovanie pozície českej meny. Vývoj peňažných agregátov (M2). Dominantným faktorom rastu peňažnej zásoby bola domáca úverová emisia. Vývoj na jednotlivých segmentoch finančného trhu. Vývoj na peňažnom trhu. Objemy obchodov s cennými papiermi na verejných trhoch. Medzibankový devízový trh. 
610 2 0 |a politika menová 
610 2 0 |a vývoj menový 
610 2 0 |a agregáty menové 
610 2 0 |a úver 
610 2 0 |a trh finančný 
610 2 0 |a trh kapitálový 
610 2 0 |a trh devízový 
610 2 0 |a ČNB Praha 
610 2 0 |a Česko 
610 2 0 |a 1996